F. Scott Fitzgerald /

Bibliographic Details
Main Author: Cross, K. G. W.
Format: Book
Language:English
Published: New York : Grove Press, 1964.
Series:Evergreen pilot books ; EP30.
Subjects:

MARC

Tag First Indicator Second Indicator Subfields
LEADER 00000cam a2200000 4500
001 in00000036450
005 20151007060855.0
008 750507s1964 nyu b 00010 eng u
010 |a  64018565  
035 |a (OCoLC)01315154 
035 |9 AAD0440AM 
040 |c CIN  |d TXA  |d UtOrBLW 
049 |a TXAM  |c [413223] 
050 0 |a PS3511.I9  |b Z58 1964 
092 |a 813  |b F553Yc 
100 1 |a Cross, K. G. W. 
245 1 0 |a F. Scott Fitzgerald /  |c [by] K. G. W. Cross. 
264 1 |a New York :  |b Grove Press,  |c 1964. 
300 |a 120 pages ;  |c 19 cm. 
336 |a text  |b txt  |2 rdacontent 
337 |a unmediated  |b n  |2 rdamedia 
338 |a volume  |b nc  |2 rdacarrier 
490 1 |a Evergreen pilot books ;  |v EP30 
504 |a Bibliography: pages [116]-120. 
600 1 0 |a Fitzgerald, F. Scott  |q (Francis Scott),  |d 1896-1940. 
830 0 |a Evergreen pilot books ;  |v EP30. 
999 |a MARS 
999 f f |s 4e6ab9f9-e4b7-324c-a0bf-670da5faaa1d  |i 9122263d-cd9a-3f94-91ba-aa5cd488442a  |t 0 
952 f f |p ric  |a Texas A&M University  |b Rellis Campus  |c Joint Library Facility  |d Remote Storage  |t 0  |e PS3511.I9 Z58 1964  |h Library of Congress classification  |i unmediated -- volume  |m A14801236928 
998 f f |a PS3511.I9 Z58 1964  |t 0  |l Remote Storage